Most Popular Letters in the English Language - Statistics

General Stats
  • This quiz has been taken 833 times
  • The average score is 14 of 26
Answer Stats
Answer % Correct
e
100%
t
96%
a
94%
o
91%
i
89%
n
85%
s
84%
h
76%
r
73%
d
67%
l
62%
c
57%
u
53%
m
48%
w
39%
f
32%
g
30%
z
27%
y
26%
q
25%
x
25%
p
23%
b
22%
j
20%
k
20%
v
19%
No matching quizzes found
Score Distribution
Percent of People with Each Score
Percentile by Number Answered
Your Score History
You have not taken this quiz